| 000 | 00507nam a2200205Ia 4500 | ||
|---|---|---|---|
| 008 | 170918s9999 xx 000 0 und d | ||
| 020 | _a9781426304378 | ||
| 050 | _bH289 1996 | ||
| 100 | _aHarness, Cheryl | ||
| 245 | _aYoung Abe Lincoln ; | ||
| 245 | _bthe frontier days, 1809-1837 / | ||
| 245 | _cCheryl Harness. | ||
| 260 | _aNew York : | ||
| 260 | _bNational Geographic, | ||
| 260 | _c1996 | ||
| 300 | _aunpaged : | ||
| 300 | _bcolored illustration ; | ||
| 300 | _c28cm. | ||
| 500 | _a1010 | ||
| 999 |
_c342402 _d342402 |
||